000
00279nam a22001217a 4500
008
260317b ||||| |||| 00| 0 eng d
041
_a
Shqip
080
_a
22.1
100
_a
33
101
_a
Fetare
245
_a
E Drejta Trashigimore Islame
_c
Ahmedin Ejupi
942
_2
udc
_c
BK
999
_c
60905
_d
60905